000
00286nam a2200109Ia 4500
008
200302s9999 xx 000 0 und d
100
_a
Michel heinrich
245
_a
Basics Architectural Photography
260
_b
Birkhauser Publlisher for Architecture
260
_c
2009
300
_a
79 P
999
_c
4245
_d
4245